00338nam a2200109Ia 4500008004100000082000800041100001300049245004800062942000600110952009700116999001500213240331s9999 xx 000 0 und d bSKA aSkare, G 0aCoconuts and cultivation in the Philippines cL 001040708LaWERCLbWERCLcSSCd2024-03-31l0o 331.7 SKAp5202r2024-03-31w2024-03-31yL c2722d2722